| 000 | 00948nam0a22002531 4500 | ||
|---|---|---|---|
| 001 | rc\3437023 | ||
| 005 | 20130115142218.0 | ||
| 021 |
_aRU _b[72-9763] |
||
| 035 | _a(NLR Aleph) 007588475 | ||
| 090 |
_a5585137 _c5585137 |
||
| 100 | _a20130115d1972 |||y0rusy50 ca | ||
| 101 | 0 | _arus | |
| 102 | _aRU | ||
| 105 | _aa z ||||| | ||
| 200 | 1 |
_aВрачебно-трудовая экспертиза при паркинсонизме _e[Учеб. пособие] _fМ-во здравоохранения СССР. Центр. ин-т усовершенствования врачей |
|
| 210 |
_aМосква _cБ. и. _d1972 |
||
| 215 |
_a58 с. _cил. _d20 |
||
| 606 |
_aПаркинсонизм _xВрачебно-трудовая экспертиза _2psbo |
||
| 700 | 1 |
_aГапонова _bЮ. Г. _gЮлия Григорьевна |
|
| 801 | 0 |
_aRU _bNLR _gpsbo |
|
| 801 | 1 |
_aRU _bELAR _2rusmarc |
|
| 852 |
_aNLR _j72-4/6268 |
||
| 942 | _cBOOK | ||
| 980 | _aNB | ||